000
00298nam a2200121Ia 4500
008
190216s9999||||xx |||||||||||||| ||und||
100
_a
Chirackal T Balakrishnan Nair
245
0
_a
Keralabhasha Ganangal
260
_b
Kerala Basha Inst
_c
1969
300
_a
472p
650
_a
Kavithkal
942
_c
BK
999
_c
25365
_d
25365